<?xml version="1.0" encoding="UTF-8"?>
<record
    xmlns:xsi="http://www.w3.org/2001/XMLSchema-instance"
    xsi:schemaLocation="http://www.loc.gov/MARC21/slim http://www.loc.gov/standards/marcxml/schema/MARC21slim.xsd"
    xmlns="http://www.loc.gov/MARC21/slim">

  <leader>01207nam a22002777a 4500</leader>
  <controlfield tag="005">20170124103223.0</controlfield>
  <datafield tag="010" ind1=" " ind2=" ">
    <subfield code="a">571298</subfield>
  </datafield>
  <datafield tag="020" ind1=" " ind2=" ">
    <subfield code="c">16.00</subfield>
  </datafield>
  <datafield tag="035" ind1=" " ind2=" ">
    <subfield code="a">571298</subfield>
  </datafield>
  <datafield tag="037" ind1=" " ind2=" ">
    <subfield code="b">Cen Lib/Ret</subfield>
  </datafield>
  <datafield tag="040" ind1=" " ind2=" ">
    <subfield code="a">DPL</subfield>
    <subfield code="b">HN</subfield>
  </datafield>
  <datafield tag="082" ind1=" " ind2=" ">
    <subfield code="a">821.08</subfield>
    <subfield code="b">&#x926;&#x947;&#x935;&#x930;&#x93E;</subfield>
  </datafield>
  <datafield tag="100" ind1=" " ind2=" ">
    <subfield code="a">&#x926;&#x947;&#x935;&#x930;&#x93E;&#x91C; </subfield>
    <subfield code="9">500</subfield>
  </datafield>
  <datafield tag="245" ind1=" " ind2=" ">
    <subfield code="a">&#x930;&#x940;&#x924;&#x93F;&#x915;&#x93E;&#x932;&#x940;&#x928; &#x915;&#x93E;&#x935;&#x94D;&#x92F;-&#x938;&#x93F;&#x926;&#x94D;&#x927;&#x93E;&#x928;&#x94D;&#x924;  /</subfield>
    <subfield code="c">&#x926;&#x947;&#x935;&#x930;&#x93E;&#x91C; [&#x914;&#x930;] &#x938;&#x941;&#x930;&#x94D;&#x928;&#x93E;&#x930;&#x93E;&#x92F;&#x923; &#x926;&#x93F;&#x935;&#x947;&#x926;&#x940;</subfield>
  </datafield>
  <datafield tag="246" ind1=" " ind2=" ">
    <subfield code="a">Ritikaleen kavya siddhant /</subfield>
    <subfield code="b">by Devraj [and] Suryanaran Diwedi</subfield>
  </datafield>
  <datafield tag="260" ind1=" " ind2=" ">
    <subfield code="a">&#x935;&#x93E;&#x930;&#x93E;&#x923;&#x938;&#x940;</subfield>
    <subfield code="b">&#x91A;&#x94B;&#x915;&#x92E;&#x94D;&#x92D;&#x93E; &#x935;&#x93F;&#x926;&#x94D;&#x92F;&#x93E;&#x92D;&#x935;&#x928;</subfield>
  </datafield>
  <datafield tag="270" ind1=" " ind2=" ">
    <subfield code="a">63/42 &#x909;&#x924;&#x94D;&#x924;&#x930; &#x92C;&#x928;&#x93F;&#x92F;&#x93E; </subfield>
    <subfield code="b">&#x935;&#x93E;&#x930;&#x93E;&#x923;&#x938;&#x940;</subfield>
  </datafield>
  <datafield tag="300" ind1=" " ind2=" ">
    <subfield code="a">438&#x92A;&#x943;. :</subfield>
    <subfield code="c">20&#x938;&#x947;&#x92E;&#x940;(&#x938;&#x91C;&#x93F;&#x932;&#x94D;&#x926;) </subfield>
  </datafield>
  <datafield tag="500" ind1=" " ind2=" ">
    <subfield code="a">&#x905;&#x928;&#x941;&#x915;&#x94D;&#x930;&#x92E;&#x923;&#x93F;&#x915;&#x93E; &#x936;&#x93E;&#x92E;&#x93F;&#x932; </subfield>
  </datafield>
  <datafield tag="650" ind1=" " ind2=" ">
    <subfield code="a">&#x939;&#x93F;&#x902;&#x926;&#x940; &#x938;&#x93E;&#x939;&#x93F;&#x924;&#x94D;&#x92F;</subfield>
    <subfield code="9">117524</subfield>
  </datafield>
  <datafield tag="650" ind1=" " ind2=" ">
    <subfield code="a">&#x92A;&#x94D;&#x930;&#x938;&#x93E;&#x926; &#x938;&#x93E;&#x939;&#x93F;&#x924;&#x94D;&#x92F; </subfield>
    <subfield code="9">117525</subfield>
  </datafield>
  <datafield tag="650" ind1=" " ind2=" ">
    <subfield code="a">Hindi literature </subfield>
    <subfield code="9">117526</subfield>
  </datafield>
  <datafield tag="650" ind1=" " ind2=" ">
    <subfield code="a">Prasad literature </subfield>
    <subfield code="9">9508</subfield>
  </datafield>
  <datafield tag="700" ind1=" " ind2=" ">
    <subfield code="a">&#x926;&#x93F;&#x935;&#x947;&#x926;&#x940;, &#x938;&#x942;&#x930;&#x94D;&#x92F;&#x928;&#x93E;&#x930;&#x93E;&#x92F;&#x923; </subfield>
    <subfield code="9">44174</subfield>
  </datafield>
  <datafield tag="942" ind1=" " ind2=" ">
    <subfield code="2">ddc</subfield>
    <subfield code="c">EN</subfield>
    <subfield code="h">&#x96E;&#x968;&#x967;.08</subfield>
    <subfield code="m">&#x926;&#x947;&#x935;&#x930;&#x93E;</subfield>
  </datafield>
  <datafield tag="999" ind1=" " ind2=" ">
    <subfield code="c">121968</subfield>
    <subfield code="d">121968</subfield>
  </datafield>
  <datafield tag="952" ind1=" " ind2=" ">
    <subfield code="0">0</subfield>
    <subfield code="1">0</subfield>
    <subfield code="2">ddc</subfield>
    <subfield code="4">0</subfield>
    <subfield code="7">0</subfield>
    <subfield code="a">L</subfield>
    <subfield code="b">L</subfield>
    <subfield code="d">2016-01-04</subfield>
    <subfield code="e">Cen Lib/Ret</subfield>
    <subfield code="g">16.00</subfield>
    <subfield code="l">2</subfield>
    <subfield code="o">821.08 &#x926;&#x947;&#x935;&#x930;&#x93E;</subfield>
    <subfield code="p">571298</subfield>
    <subfield code="r">2018-09-01 00:00:00</subfield>
    <subfield code="s">2018-08-24</subfield>
    <subfield code="t">1</subfield>
    <subfield code="v">16.00</subfield>
    <subfield code="w">2016-01-04</subfield>
    <subfield code="y">HN</subfield>
  </datafield>
</record>
